Who Am I? Entrepreneurs and Business People Quiz Stats

 Plays Quiz Updated Jul 14, 2016

Challenge
Share
Tweet
Embed
Score 0/24 Timer 06:00
1 Play Today
% Correct
Oprah Winfrey
89.4%
Mark Zuckerberg
87.4%
Steve Jobs
87.3%
Henry Ford
87.2%
Walt Disney
84.3%
Conrad Hilton
83.7%
Estée Lauder
82.3%
Richard Branson
80.6%
Bill Gates
80.6%
Benjamin Franklin Goodrich
77.5%
Carlos Slim
76.3%
John D. Rockefeller
75.7%
% Correct
Ted Turner
74.8%
Andrew Carnegie
74.3%
Howard Hughes
72.2%
Jamsetji Tata
71.5%
Ariana Huffington
71.3%
Larry Page
68.3%
J.P. Morgan
66.3%
Diane von Fürstenberg
60.2%
Madam C.J. Walker
48.1%
Folorunsho Alakija
48%
Sara Blakely
46.7%
Cher Wang
38.5%

You're not logged in!

Compare scores with friends on all Sporcle quizzes.
OR
Log In

You Might Also Like...

Show Comments

Extras

Top Quizzes Today


Score Distribution

Your Account Isn't Verified!

In order to create a playlist on Sporcle, you need to verify the email address you used during registration. Go to your Sporcle Settings to finish the process.

Report this User

Report this user for behavior that violates our Community Guidelines.

Details: